000 00785cam a2200253 4500
001 ABS61626
008 000000n1999 000 0 eng u
035 _a(Sirsi) u102875
100 _aPink, A.
245 _aCan you reduce a 'nothing'?
260 _c1999
490 _aTaxation
_v144(3734) 25 November 1999, 178-180(3)
520 _aFocuses on the tax situation with regard to claiming capital allowances on fixtures sold as integral parts of a non-industrial buildings such as nursing homes or offices.
590 _aABS
650 _aCAPITAL ALLOWANCES
650 _aCAPITAL ALLOWANCES ACT 1990
650 _aFIXTURES
650 _aOFFICES
650 _aNURSING HOMES
650 _aPURCHASE
650 _aCAPITAL EXPENDITURE
690 _aTAXATION
942 _n0
999 _c61831
_d61831